00528nam a22001457a 4500020001800000082001500018100001600033245003400049260003800083300001100121563000700132942001200139999001900151952021200170 a9780241454145 a813.6bKIN aKinney,Jeff aDiary of a wimpy kid big shot aUK:bPenguin random house,c2021, a217p.; aPB 2ddccBK c614780d614780 00102ddc406813_600000000000000_KIN709642418aCLbCLcCHILD_SECd2025-09-23eDonated by Children - Summer Camp, 2025.l2m3o813.6 KINpCL-CS-10q2026-06-08r2026-01-26s2025-11-09w2025-09-23yCHILD_SEC